000 00661nam a2200265Ia 4500
005 20260121172637.0
008 008 260114s9999 xx 000 0 eng d
020 _a9783030780074
037 _aEBOOK
040 _aCRL
040 _beng
040 _cCRL
041 _2eng
041 _aeng
084 _qCRL
100 _aHelmut Hofer, Krzysztof Wysocki, Eduard Zehnder
_91090945
245 0 _aPolyfold and Fredholm Theory
260 _bSpringer
260 _bSpringer
260 _c2021
856 _uhttps://link.springer.com/openurl?genre=book&isbn=978-3-030-78007-4
942 _cEBOOK
999 _c1656685
_d1656685